Scheduled Tribes of India - Statistics

General Stats
  • This quiz has been taken 8 times
  • The average score is 8 of 33
Answer Stats
Ranking Language Family States Answer % Correct
3 Austroasiatic Jharkhand, West Bengal, Odisha, Bihar, Assam, Tripura Santal
83%
2 Dravidian Madhya Pradesh, Chhattisgarh, Maharashtra, Odisha, Uttar Pradesh, Andhra Pradesh, Telangana Gond
67%
8 Austroasiatic Jharkhand, Odisha, West Bengal, Chhattisgarh, Tripura, Bihar, Madhya Pradesh Munda
67%
20 Austroasiatic Meghalaya, Assam, West Bengal, Nagaland, Mizoram, Tripura Garo
50%
19 Austroasiatic Bihar, West Bengal, Jharkhand, Odisha Ho
50%
13 Austroasiatic Meghalaya, Assam, Mizoram Khasi
50%
24 Sino-Tibetan Assam, Manipur, Meghalaya, Mizoram Mizo
50%
10 Sino-Tibetan Nagaland, Manipur Naga
50%
33 Sino-Tibetan Tripura Tripuri
50%
1 Indo-Aryan Madhya Pradesh, Gujarat, Rajasthan, Maharashtra, Karnataka, Tripura, Andhra Pradesh, Chhattisgarh Bhil
33%
14 Sino-Tibetan Assam Bodo
33%
11 Dravidian Bihar, West Bengal, Jharkhand, Odisha Khond
33%
15 Austroasiatic Odisha, Chhattisgarh, Madhya Pradesh, Maharashtra, Bihar, Jharkhand Kol
33%
4 N/A Rajasthan Meena
33%
27 Sino-Tibetan Assam, Arunachal Pradesh Mising
33%
6 Dravidian West Bengal, Bihar, Maharashtra, Odisha, Jharkhand, Chhattisgarh, Madhya Pradesh Oraon
33%
23 Austroasiatic West Bengal, Jharkhand, Odisha Bhumij
17%
18 Indo-Aryan Jammu and Kashmir, Himachal Pradesh Gujjar
17%
9 N/A Maharashtra, Gujarat, Karnataka, Daman and Diu and Dadra and Nagar Haveli, Odisha, Arunachal Pradesh Koli Dhor
17%
25 Dravidian Maharashtra, Odisha, Andhra Pradesh, Karnataka Koya
17%
7 Indo-Aryan Andhra Pradesh Sugali
17%
28 Indo-Aryan Gujarat, Daman and Diu and Dadra and Nagar Haveli, Maharashtra, Goa Dhodia
0%
29 Indo-Aryan Goa, Gujarat, Daman and Diu and Dadra and Nagar Haveli, Maharashtra, Karnataka Dubla
0%
30 Indo-Aryan Madhya Pradesh, Chhattisgarh, Maharashtra Halba
0%
22 N/A Odisha, Bihar, Jharkhand, Chhattisgarh, Madhya Pradesh, Maharashtra Kawar
0%
17 Indo-Aryan Daman and Diu and Dadra and Nagar Haveli, Gujarat, Maharashtra, Karnataka Kokna
0%
32 Austroasiatic Odisha Kolha
0%
12 N/A Maharashtra Koli Mahadev
0%
21 Austroasiatic Chhattisgarh, Madhya Pradesh, Maharashtra Korku
0%
5 Indo-Aryan Goa, Daman and Diu and Dadra and Nagar Haveli, Rajasthan, Karnataka, Gujarat, Maharashtra Naikda
0%
31 Indo-Aryan Gujarat Rathawa
0%
26 N/A Madhya Pradesh, Rajasthan, Uttar Pradesh, Chhattisgarh Sahariya
0%
16 Indo-Aryan Gujarat, Daman and Diu and Dadra and Nagar Haveli, Maharashtra, Karnataka, Goa Varli
0%
No matching quizzes found
Score Distribution
Percent of People with Each Score
Percentile by Number Answered
Your Score History
You have not taken this quiz